| 000 | 00645nam a2200253 a 4500 | ||
|---|---|---|---|
| 001 | nice12345678 | ||
| 003 | IN_TiNIC | ||
| 005 | 20260116013304.0 | ||
| 008 | 050524s1995 dela grp 000 0 eng | ||
| 020 |
_a _c75 |
||
| 082 | 0 | 0 |
_a302.23 _bTHO |
| 100 | _aThomas, Pradeep | ||
| 245 |
_aCommunication and Human Dignity _b Asian Christian Perspective |
||
| 260 |
_aDelhi _bISPCK _c1995 |
||
| 300 | _a130p | ||
| 500 | _aincludes index and biblioraphy | ||
| 505 | 2 | _aNine Pamphlets | |
| 650 | _aMass Media | ||
| 650 | _aChristianity And Mass Media | ||
| 700 | 1 | _aThomas, Pradeep | |
| 902 | _bSRS | ||
| 942 | _cBK | ||
| 999 |
_c10422 _d10422 |
||